000
00305nam a2200121Ia 4500
008
230303s9999 xx 000 0 und d
041
_a
eng
082
_a
21.3822 BAB
100
_a
BABU (P. RAMESH) ANANDANATARAJA (R)
245
_a
SIGNALS AND SYSTEMS
260
_a
ND
_b
SCITECH PUBLICATION
365
_c
RS
999
_c
186991
_d
186991